All One Direction songs by first line - Statistics

General Stats
  • This quiz has been taken 188 times
  • The average score is 55 of 89
Answer Stats
First line Song % Correct
"Maybe it's the way she walked" Best Song Ever
91%
"You're insecure, don't know what for" What Makes You Beautiful
90%
"I've tried playin' it cool" One Thing
89%
"If I could fly" If I Could Fly
85%
"Written in these walls are the stories that I can't explain" Story of My Life
85%
"Do you remember summer '09" Rock Me
84%
"Won't you stay 'til the a.m.?" A.M.
82%
"Little black dress just walked into the room" Little Black Dress
82%
"Goin' out tonight, changes into something red" Night Changes
82%
"She's been my queen since we were 16" Steal My Girl
80%
"People say we shouldn't be together" They Don't Know About Us
80%
"Hey angel, do you know the reasons why" Hey Angel
79%
"Better than words, more than a feeling" Better Than Words
78%
"Straight off the plane to a new hotel" Midnight Memories
78%
"Once in a lifetime, it's just right" Once in a Lifetime
78%
"I got a heart, and I got a soul" 18
77%
"I've got fire for a heart" Drag Me Down
77%
"I want to write you a song" I Want to Write You a Song
77%
"Who's that shadow holding me hostage?" Stockholm Syndrome
77%
"I figured it out" You & I
77%
"Give you this, give you that" I Want
76%
"Your hand fits in mine like it's made just for me" Little Things
75%
"I'm broken, do you hear me?" More Than This
75%
"Now that you can't have me" Taken
73%
"Stained coffee cup" No Control
72%
"Hey, girl, I'm waiting on you, I'm waiting on you" Live While We're Young
71%
"When I'm fat and old and my kids think I'm a joke" Act My Age
69%
"I might never be your knight in shinin' armor" Perfect
69%
"I told her that I loved her, was not sure if she heard" End of the Day
68%
"Oh, I just wanna take you anywhere that you'd like" Kiss You
68%
"Girl I see it in your eyes you're disappointed" Gotta Be You
67%
"You don't understand, you don't understand" Happily
67%
"My hands, your hands" Strong
67%
"It feels like we've been living in fast forward" Up All Night
67%
"If this room was burning, I wouldn't even notice" Little White Lies
66%
"I, I wanna save you" Save You Tonight
66%
"I think I'm gonna lose my mind" Fireproof
64%
"You gotta help me, I'm losin' my mind" History
64%
"Said I'd never leave her" Over Again
64%
"Been a lot of places" Don't Forget Where You Belong
63%
"I'm like a crow on a wire" Fool's Gold
63%
"Shut the door" Moments
63%
"Lately I found myself thinking" I Would
62%
"The one that I came with, she had to go" C'mon, C'mon
61%
"Circles, we're going in circles" Same Mistakes
61%
"Who's gonna be the first one to start the fight?" Spaces
61%
"My mother told me I should go and get some therapy" Alive
60%
"So your friend's been telling me" Half a Heart
60%
"I hear them calling for you" Wolves
59%
"She sneaks out in the middle of the night, yeah" She's Not Afraid
57%
"Counted all my mistakes and there's only one" Where Do Broken Hearts Go
57%
"Her light is as loud as- as many ambulances" Girl Almighty
56%
"There's a lightning in your eyes I can't deny" Ready to Run
56%
"Tell me you believe in love" Illusion
55%
"Down to Earth" Infinity
55%
"Lights go down, and the night is calling to me, yeah" Right Now
55%
"Saw your body language and I know how you're feeling" Temporary Fix
55%
"A week ago you said to me 'Do you believe I'll never be too fat?' " Walking in the Wind
55%
"The front pages are your pictures" Diana
53%
"He takes your hand, I die a little" I Wish
53%
"He knows about you in every way" Does He Know?
51%
"Don't try to make me stay, or ask if I'm okay" Irresistible
50%
"Baby, I, I wanna know" Last First Kiss
50%
"It's inevitable everything that's good comes to an end" Love You Goodbye
50%
"Remember the day when we've given up" Olivia
50%
"B-b-b-baby c'mon over, I don't care if people find out" Magic
49%
"Through the wire, through the wire, through the wire" What a Feeling
49%
"Can't believe you're packing your bags" Summer Love
48%
"Watching you get dressed messes with my head" Change Your Ticket
47%
"Baby, you've got me sick" Heart Attack
47%
"Wanna pull an all nighter and get into something we'll never forget" Never Enough
47%
"You're so pretty when you cry, when you cry" Nobody Compares
47%
"I know you want, know you wanna take it slow" Why Don't We Go There?
47%
"It's not me, it's not you, there's a reason" Another World
46%
"We've got a bit of love-hate" Na Na Na
45%
"From the moment I met you, everything changed" Stand Up
45%
"Hello, hello, I know it's been a while but baby" Still the One
45%
"You tell me that you're sad and lost your way" Through the Dark
45%
"Am I asleep, am I awake, or somewhere in between?" Truly Madly Deeply
45%
"We made a fire" Long Way Down
43%
"One day you'll come into my world and say it all" Something Great
42%
"Whenever I close my eyes, I picture you there" Back for You
41%
"You know I've always got your back, girl" Everything About You
40%
"Girl, that should be me driving to your house" Loved You First
40%
"I know you say that you don't like it complicated" Clouds
39%
"The light shines, it's getting hot on my shoulders" Stole My Heart
39%
"I keep playing it inside my head" I Should Have Kissed You
38%
"Can't ever get it right" Tell Me a Lie
38%
"The end of the night" Change My Mind
37%
No matching quizzes found
Score Distribution
Percent of People with Each Score
Percentile by Number Answered
Your Score History
You have not taken this quiz